Cities by Letter - A - Statistics

General Stats
  • This quiz has been taken 1,143 times
  • The average score is 12 of 22
Answer Stats
Clue Answer % Correct
Capital of Texas Austin
88%
Home of Coca Cola Atlanta
87%
The first Democracy Athens
86%
Capital of Africa's largest country Algiers
76%
Home to the Taj Mahal Agra
75%
Capital of South Australia Adelaide
74%
Belgian city, home of artist Rubens Antwerp
74%
Sheikh Zayed Mosque, Etihad, Emirates Palace Abu Dhabi
70%
The Granite City of the UK Aberdeen
67%
Center of Gambling in New Jersey Atlantic City
64%
Home to a Seven Wonders of the World Alexandria
61%
Situated on the Ethiopian Highlands Addis Ababa
59%
Capital of Madagascar Antananarivo
59%
Anitkabir, Angora, Kocatepe Mosque Ankara
52%
Lost its Capital status in 1997 to Astana Almaty
46%
Home of 7 Popes in 14th Century Avignon
42%
Middle Eastern City once called Philadelphia Amman
39%
Situated by Aso Rock Abuja
31%
Labadi Beach, Kwame Nkrumah Park, Nima Accra
31%
Spanish city located on the Costa Blanca Alicante
30%
Contains the tallest structure in the Southern Hemisphere Auckland
28%
Contains the third busiest airport for cargo traffic. Anchorage
9%
No matching quizzes found
Score Distribution
Percent of People with Each Score
Percentile by Number Answered
Your Score History
You have not taken this quiz